| 000 | 00659cab a2200205 4500 | ||
|---|---|---|---|
| 001 | WB2444-44 | ||
| 008 | 090401t1988 xxu||||| |||| 00| 0 eng d | ||
| 035 | _a(Sirsi) u62926 | ||
| 041 | _aeng | ||
| 245 | _aChannel train threat to Kent | ||
| 260 | _c1988 | ||
| 350 | _a0 | ||
| 490 |
_aSunday Times _v30/10/88 pA11 |
||
| 520 | _aScores of homes will be destroyed under British Rail `s preferred route for the high-speed rail link from London to the Channel Tunnel . Quotes examples of falling house prices . | ||
| 650 | _aENVIRONMENTAL RESOURCES | ||
| 650 | _aRAILWAYS | ||
| 690 | _aTRANSPORT AND COMMUNICATIONS | ||
| 942 | _n0 | ||
| 948 | _c04/03/1997 | ||
| 999 |
_c39098 _d39098 |
||